Disney: Word Chain 2 - Statistics

General Stats
  • This quiz has been taken 53 times
  • The average score is 10 of 10
Answer Stats
Hint Answer % Correct
The cricket from the movie Pinocchio that serves as Pinocchio's conscious until Pinocchio becomes a real boy Jiminy Cricket
100%
Aladdin's monkey friend from the movie Aladdin Abu
98%
A poor guy that is the main character of the movie named after him and he wants Princess Jasmine Aladdin
98%
The main character in the movie Finding Nemo and ends up getting lost Nemo
98%
Talking snowman from the movies Frozen and Frozen 2 Olaf
98%
Cinderella's stepsister that has brown hair and is Anastasia's sister Drizella
96%
Ariel's fish friend in The Little Mermaid Flounder
93%
The sea witch from The Little Mermaid and becomes Vanessa in human form Ursula
93%
The Sorcerer in the Fantasia's Sorcerer's Apprentice segment Yen Sid
93%
Native American princess from the movie Peter Pan Tiger Lily
91%
No matching quizzes found
Score Distribution
Percent of People with Each Score
Percentile by Number Answered
Your Score History
You have not taken this quiz